| 000 | 00612nam a2200181 a 4500 | ||
|---|---|---|---|
| 001 | 000040978 | ||
| 005 | 20201002034525.0 | ||
| 008 | 130912s2005 pr abf 000 0 spa d | ||
| 020 | _a0865816018 | ||
| 040 |
_aDO-SdBNP _besp _cBNPHU |
||
| 082 |
_axxxx _bxxxx |
||
| 245 | 0 | 0 |
_aBiodiversidad de Puerto Rico : _bVertebrados terrestres y Ecosistemas / _ceditor, Rafael L. Joglar. |
| 260 |
_aSan Juan, Puerto Rico, : _bInstituto de Cultura Puertorriqueña, _c2005. |
||
| 300 |
_a563 p. : _bil., map., lam. |
||
| 490 | 1 | _aHistoria natural | |
| 700 | 1 |
_aJoglar, Rafael L. _eed. _967411 |
|
| 830 | 0 |
_aHistoria natural _967412 |
|
| 999 |
_c40468 _d40468 |
||